<?xml version="1.0" encoding="UTF-8"?>
<collection xmlns="http://www.loc.gov/MARC21/slim">
<record>
  <controlfield tag="001">2746</controlfield>
  <controlfield tag="005">20160701171710.0</controlfield>
  <datafield tag="037" ind1=" " ind2=" ">
    <subfield code="a">ASTROimport-903</subfield>
  </datafield>
  <datafield tag="100" ind1=" " ind2=" ">
    <subfield code="a">Lampens, P.</subfield>
  </datafield>
  <datafield tag="260" ind1=" " ind2=" ">
    <subfield code="c">2013</subfield>
  </datafield>
  <datafield tag="245" ind1=" " ind2=" ">
    <subfield code="a">Puzzling Low-Frequency Variations in the δ Scuti-type Kepler Star KIC 5988140 (HD 188774)</subfield>
  </datafield>
  <datafield tag="520" ind1=" " ind2=" ">
    <subfield code="a">At first sight, the Kepler data of the A-type star KIC 5988140 mimics the light curve of an eclipsing binary system with a superposed short-period variability of type δ Scuti. It was attributed by the Kepler Asteroseismology Consortium (KASC) to the working group “Binary and Multiple Stars”, where we picked it up. We used the high-quality space photometry supplemented by recent high-resolution spectra to investigate the cause of the variability of this late A-type object. We considered three different possible scenarios: (1) binarity, (2) co-existence of γ Doradus and δ Scuti pulsations (the hybrid case) and (3) rotation of the stellar surface with an asymmetric intensity distribution (i.e. rotational modulation). We confirm the presence of various pressure modes of type δ Scuti. However, none of the  previous scenarios is capable of reproducing all of the observed characteristics of the variations.  Thus, the cause of the remaining light and radial velocity variations remains presently unexplained by any of the considered physical processes. </subfield>
  </datafield>
  <datafield tag="700" ind1=" " ind2=" ">
    <subfield code="a"> Tkachenko, A.</subfield>
  </datafield>
  <datafield tag="700" ind1=" " ind2=" ">
    <subfield code="a"> Lehmann, H.</subfield>
  </datafield>
  <datafield tag="700" ind1=" " ind2=" ">
    <subfield code="a"> Debosscher, J.</subfield>
  </datafield>
  <datafield tag="700" ind1=" " ind2=" ">
    <subfield code="a"> Aerts, C.</subfield>
  </datafield>
  <datafield tag="700" ind1=" " ind2=" ">
    <subfield code="a"> Beck, P. G.</subfield>
  </datafield>
  <datafield tag="700" ind1=" " ind2=" ">
    <subfield code="a"> Bloemen, S.</subfield>
  </datafield>
  <datafield tag="700" ind1=" " ind2=" ">
    <subfield code="a"> Kochiashvili, N.</subfield>
  </datafield>
  <datafield tag="700" ind1=" " ind2=" ">
    <subfield code="a"> Derekas, A.</subfield>
  </datafield>
  <datafield tag="700" ind1=" " ind2=" ">
    <subfield code="a"> Smith, J.</subfield>
  </datafield>
  <datafield tag="700" ind1=" " ind2=" ">
    <subfield code="a"> Tenenbaum, P.</subfield>
  </datafield>
  <datafield tag="700" ind1=" " ind2=" ">
    <subfield code="a"> Twicken, J.</subfield>
  </datafield>
  <datafield tag="773" ind1=" " ind2=" ">
    <subfield code="p">Progress in Physics of the Sun and Stars: A New Era in Helio- and Asteroseismology</subfield>
    <subfield code="v">479</subfield>
    <subfield code="y">2013</subfield>
    <subfield code="c">99</subfield>
  </datafield>
  <datafield tag="856" ind1="4" ind2="2">
    <subfield code="a">http://esoads.eso.org/abs/2013ASPC..479...99L</subfield>
  </datafield>
  <datafield tag="905" ind1=" " ind2=" ">
    <subfield code="a">published in</subfield>
  </datafield>
  <datafield tag="980" ind1=" " ind2=" ">
    <subfield code="a">NONREF</subfield>
  </datafield>
</record>
</collection>